[Event "Madrid-ch Previa-A"]
[Site "Madrid"]
[Date "2013.02.20"]
[Round "9"]
[White "Barroso Barroso, Jorge"]
[Black "Osorio Ramos, Francisco"]
[Result "1-0"]
[WhiteElo "1859"]
[BlackElo "1831"]
[PlyCount "59"]
[EventDate "2013.02.04"]
[EventType "swiss"]
[EventRounds "9"]
[EventCountry "ESP"]
[SourceTitle "EXT 2018"]
[Source "ChessBase"]
[SourceDate "2017.10.13"]
[SourceVersion "1"]
[SourceVersionDate "2017.10.13"]
[SourceQuality "1"]

1. e4 Nf6 2. e5 Nd5 3. c4 Nb6 4. d4 d6 5. exd6 cxd6 6. Nc3 g6 7. Be3 Bg7 8. Bd3 0-0 9. Nge2 Qc7 10. Rc1 Qd8 11. 0-0 e5 12. dxe5 dxe5 13. c5 Nd5 14. Nxd5 Qxd5 15. Nc3 Qd7 16. Ne4 Nc6 17. Nd6 Qe7 18. Qd2 Be6 19. Bh6 Rfd8 20. Bxg7 Kxg7 21. f4 f6 22. Qf2 exf4 23. Qxf4 Rab8 24. Rce1 Ne5 25. Rxe5 Rxd6 26. cxd6 Qf7 27. Rc5 Rd8 28. Rc7 Rd7 29. Rxd7 Bxd7 30. Re1 1-0

[Event "Madrid-ch Previa-A"]
[Site "Madrid"]
[Date "2013.02.11"]
[Round "4"]
[White "Osorio Ramos, Francisco"]
[Black "Cisneros Rodriguez, Amick"]
[Result "1/2-1/2"]
[WhiteElo "1831"]
[BlackElo "1789"]
[PlyCount "45"]
[EventDate "2013.02.04"]
[EventType "swiss"]
[EventRounds "9"]
[EventCountry "ESP"]
[SourceTitle "EXT 2015"]
[Source "ChessBase"]
[SourceDate "2014.11.20"]
[SourceVersion "1"]
[SourceVersionDate "2014.11.20"]
[SourceQuality "1"]

1. d4 Nf6 2. Bg5 g6 3. Bxf6 exf6 4. c4 Bg7 5. Nc3 0-0 6. e3 d6 7. g3 c5 8. Bg2 f5 9. Nge2 Nd7 10. 0-0 Nf6 11. b4 Re8 12. b5 Ne4 13. Nxe4 fxe4 14. Nc3 f5 15. Rc1 Bd7 16. a4 a5 17. Qd2 Qg5 18. Rfd1 h5 19. h4 Qf6 20. Qe2 Rac8 21. Rb1 Rb8 22. Rbc1 Qf7 23. Rd2 1/2-1/2

[Event "Madrid-ch Previa-A"]
[Site "Madrid"]
[Date "2013.02.06"]
[Round "3"]
[White "Tipter, Napoleon"]
[Black "Osorio Ramos, Francisco"]
[Result "1/2-1/2"]
[WhiteElo "2028"]
[BlackElo "1831"]
[PlyCount "48"]
[EventDate "2013.02.04"]
[EventType "swiss"]
[EventRounds "9"]
[EventCountry "ESP"]
[SourceTitle "EXT 2015"]
[Source "ChessBase"]
[SourceDate "2014.11.20"]
[SourceVersion "1"]
[SourceVersionDate "2014.11.20"]
[SourceQuality "1"]

1. d4 Nf6 2. Nf3 d5 3. e3 e6 4. Bd3 Be7 5. Nbd2 0-0 6. 0-0 b6 7. Ne5 Bb7 8. f4 Ne4 9. Rf3 Nd7 10. Rh3 g6 11. Qf3 Ndf6 12. g4 Nxd2 13. Bxd2 Ne4 14. Bxe4 dxe4 15. Qg3 c5 16. Bc3 Bd6 17. dxc5 Bxe5 18. Bxe5 f6 19. Bd6 Rf7 20. b4 bxc5 21. bxc5 Qa5 22. Qe1 Qxe1+ 23. Rxe1 Bd5 24. a3 Rb7 1/2-1/2

[Event "Madrid-ch Previa-A"]
[Site "Madrid"]
[Date "2013.02.04"]
[Round "1"]
[White "Suarez Mencia, Roberto"]
[Black "Osorio Ramos, Francisco"]
[Result "0-1"]
[WhiteElo "1555"]
[BlackElo "1831"]
[PlyCount "54"]
[EventDate "2013.02.04"]
[EventType "swiss"]
[EventRounds "9"]
[EventCountry "ESP"]
[SourceTitle "EXT 2015"]
[Source "ChessBase"]
[SourceDate "2014.11.20"]
[SourceVersion "1"]
[SourceVersionDate "2014.11.20"]
[SourceQuality "1"]

1. c4 c6 2. g3 Nf6 3. Bg2 d5 4. cxd5 cxd5 5. d4 Nc6 6. e3 e6 7. Ne2 Bd7 8. Nbc3 Rc8 9. a3 Na5 10. 0-0 Be7 11. f4 0-0 12. h3 Nc4 13. b3 Nd6 14. a4 Nde4 15. Nxe4 Nxe4 16. Bb2 Qb6 17. Bxe4 dxe4 18. Nc3 Bc6 19. f5 Bg5 20. Bc1 Bd5 21. Nxd5 exd5 22. Rb1 Qh6 23. Qg4 Bxe3+ 24. Bxe3 Qxe3+ 25. Kh1 Rc3 26. Rg1 Qf3+ 27. Qxf3 Rxf3 0-1

[Event "Madrid-ch Previa-A"]
[Site "Madrid"]
[Date "2012.02.22"]
[Round "9"]
[White "Osorio Ramos, Francisco"]
[Black "Morona Minguez, Irene"]
[Result "1/2-1/2"]
[WhiteElo "1848"]
[BlackElo "1901"]
[PlyCount "144"]
[EventDate "2012.02.06"]
[EventType "swiss"]
[EventRounds "9"]
[EventCountry "ESP"]
[SourceTitle "CBM 147 Extra"]
[Source "ChessBase"]
[SourceDate "2012.04.24"]
[SourceVersion "1"]
[SourceVersionDate "2012.04.24"]
[SourceQuality "1"]

1. d4 Nf6 2. Nf3 g6 3. c4 Bg7 4. g3 d6 5. Bg2 0-0 6. 0-0 Nbd7 7. Nc3 e5 8. e4 exd4 9. Nxd4 Re8 10. Re1 c6 11. h3 Qb6 12. Nc2 Nc5 13. Rb1 Nh5 14. Be3 Qc7 15. Bd4 Be5 16. Bxe5 dxe5 17. Qe2 Be6 18. b4 Nd7 19. Ne3 Rad8 20. Rec1 Nb6 21. Rd1 Rd4 22. c5 Nc8 23. Nc2 Rxd1+ 24. Rxd1 Rd8 25. Ne3 Rd4 26. Nc2 Bc4 27. Qe1 Rd7 28. Bf1 Be6 29. Kh2 Qd8 30. Be2 Rxd1 31. Qxd1 Qf6 32. Kg2 Ng7 33. Bg4 h5 34. Bxe6 Nxe6 35. Qf3 Qe7 36. Qd1 h4 37. Ne2 Ng5 38. Nc3 Ne6 39. Qg4 hxg3 40. fxg3 Qd8 41. Qd1 Qg5 42. Ne2 Kg7 43. Ne1 Qe7 44. Nf3 f6 45. Qc1 Nc7 46. a4 Qe6 47. Qd2 Qe7 48. Qc3 Ne6 49. h4 Qe8 50. Qd3 b6 51. cxb6 axb6 52. Nc3 Qe7 53. Qc4 Qd7 54. b5 c5 55. Nd5 Nd4 56. Nxd4 exd4 57. Nf4 Nd6 58. Qd5 Qe7 59. Kf3 Qe5 60. Qxe5 fxe5 61. Nd5 Nc4 62. g4 Kf7 63. Ke2 Ke6 64. Kd1 Nb2+ 65. Kc2 Nxa4 66. Kb3 Nc3 67. Nxb6 Nxb5 68. Kc4 Nd6+ 69. Kd3 Kf7 70. Nc4 Nxc4 71. Kxc4 Kf6 72. Kd3 Kg7 1/2-1/2

[Event "Madrid-ch Previa-A"]
[Site "Madrid"]
[Date "2012.02.20"]
[Round "7"]
[White "Osorio Ramos, Francisco"]
[Black "Barroso Barroso, Jorge"]
[Result "1/2-1/2"]
[WhiteElo "1848"]
[BlackElo "1740"]
[PlyCount "40"]
[EventDate "2012.02.06"]
[EventType "swiss"]
[EventRounds "9"]
[EventCountry "ESP"]
[SourceTitle "CBM 147 Extra"]
[Source "ChessBase"]
[SourceDate "2012.04.24"]
[SourceVersion "1"]
[SourceVersionDate "2012.04.24"]
[SourceQuality "1"]

1. d4 e6 2. c4 Nf6 3. Nc3 d5 4. Nf3 c6 5. g3 Nbd7 6. cxd5 exd5 7. Bg2 Be7 8. 0-0 0-0 9. Bf4 Re8 10. Ne5 Nf8 11. e4 dxe4 12. Nxe4 Nd5 13. Be3 Ne6 14. Nc3 Nec7 15. Qb3 Bf6 16. Rad1 Bxe5 17. dxe5 Qe7 18. Nxd5 Nxd5 19. Bxd5 cxd5 20. Qxd5 Bh3 1/2-1/2

[Event "Madrid-ch Previa-A"]
[Site "Madrid"]
[Date "2012.02.15"]
[Round "6"]
[White "Martos de la Vega, Alvaro"]
[Black "Osorio Ramos, Francisco"]
[Result "1-0"]
[WhiteElo "1935"]
[BlackElo "1848"]
[PlyCount "69"]
[EventDate "2012.02.06"]
[EventType "swiss"]
[EventRounds "9"]
[EventCountry "ESP"]
[SourceTitle "CBM 147 Extra"]
[Source "ChessBase"]
[SourceDate "2012.04.24"]
[SourceVersion "1"]
[SourceVersionDate "2012.04.24"]
[SourceQuality "1"]

1. d4 Nf6 2. c4 e5 3. dxe5 Ng4 4. Bf4 Bb4+ 5. Nd2 Nc6 6. Ngf3 Qe7 7. e3 Ngxe5 8. Be2 0-0 9. 0-0 Bxd2 10. Qxd2 d6 11. a3 Be6 12. Rac1 b6 13. Nd4 Rad8 14. Qc3 Bd7 15. Rfe1 a5 16. b4 axb4 17. axb4 Ng6 18. Bg3 Rfe8 19. Nb5 Be6 20. c5 Nce5 21. cxd6 cxd6 22. Qd4 Bd7 23. Nc7 Rf8 24. Nd5 Qe6 25. Nxb6 Rb8 26. b5 Rb7 27. Nxd7 Qxd7 28. Red1 Rd8 29. h3 f6 30. f4 Nf7 31. Rc2 Ne7 32. Bf2 Nf5 33. Qb4 Qe7 34. e4 Qe8 35. exf5 1-0